L'Eredità - Ghigliottina #2 - Statistics

Statistiche generali
  • Questo quiz è stato fatto 125 volte
  • Il punteggio medio è 2 su 5
Statistiche sulle risposte
Risposta % Corretto
La risposta è Gatto Vicenza: i cittadini sono noti con l’appellativo di “magnagati”. Silvestro: celebre gatto dei cartoni animati. Pesce: il pesce gatto è un pesce d’acqua dolce. Nero: per antonomasia il gatto nero è simbolo di sfortuna. Siamese: una razza di gatto.
96%
La risposta è Sole Re: dal soprannome di Luigi XIV (“il Re Sole”). Autostrada: l’A1 è detta “Autostrada del Sole”. Stella: il Sole è una Stella. Elio: Elio è una divinità solare. Nero: il sole nero è un simbolo esoterico.
80%
La risposta è Deserto Rosa: la rosa del deserto è una formazione minerale. Cattedrale: dall’espressione “una cattedrale nel deserto”. Volpe: dalla volpe del deserto, nota anche come fennec. Polare: il deserto polare è un tipo di deserto. Nomade: diversi gruppi nomadi sono stanziati in ambienti desertici.
23%
La risposta è Nota Bene: “nota bene” è una locuzione di origine latina. Re: è una nota musicale. Credito: una nota di credito è un documento. Famosa: una persona famosa è una persona nota. Redazione: una nota di redazione ([n.d.r.]) è frequente nel linguaggio giornalistico.
22%
La risposta è Fantasma Larva: sinonimo desueto di fantasma. Nave: dal fenomeno delle navi fantasma. Protocollo: dal film “Mission: Impossible - Protocollo fantasma”. Lenzuolo: può essere usato per travestirsi da fantasma. Granchio: il granchio fantasma è una specie di granchio.
14%
Nessun quiz corrispondente trovato
Distribuzione punteggi
Percentuale di utenti per punteggio
Percentile per numero di risposta
I tuoi punteggi nel tempo
Non hai fatto questo quiz